Most Popular Beabadoobee Songs - Statistics

General Stats
  • This quiz has been taken 15 times
  • The average score is 10 of 20
Answer Stats
Hint Answer % Correct
8 coffee
92%
2 the perfect pair
92%
4 beaches
85%
3 glue song
77%
10 real man
77%
7 talk
77%
1 death bed
62%
9 take a bite
62%
6 the way things go
62%
11 apple cider
54%
15 10:36
46%
12 cologne
38%
13 sunny day
31%
5 all i did was dream of you
23%
19 if you want to
23%
18 see you soon
23%
14 tired
23%
17 she plays bass
15%
20 dance with me
8%
16 last day on earth
0%
No matching quizzes found
Score Distribution
Percent of People with Each Score
Percentile by Number Answered
Your Score History
You have not taken this quiz